Największe polskie miasta - Statystyki

Ogólne statystyki
  • Ten quiz został rozwiązany 296 razy
    267 od ostatniego zresetowania
  • Średni wynik to 13 z 15
Statystyki odpowiedzi
Opis Miasta Miasto % Poprawnych
Stolica Polski Warszawa
100%
Miasto w którym mieszka sławny Smok Wawelski Kraków
99%
Miasto sąsiadujące z Gdańskiem które ma w nazwie podobny początek. Jest ono częścią trójmiasta. Gdynia
96%
Duże miasto blisko morza ze sławnąErgo Areną Gdańsk
95%
Miasto znane z przepysznych pierników. Znajduje się tam tam statua Kopernika Toruń
93%
Miasto z ratuszem na którym są koziołki Poznań
92%
Miasto położone w górach koło Słowacji. Ich najwyższy szczytto Rysy. Mieszkają tam górale. Miasto rozpoznawane jest z ich dobrego gustu i ich gry na instrumentach Zakopane
90%
Dolnośląskie miasto położone nad Odrą jest celem zwiedzających przez największe w Polsce ZOO i jeden z większych Aquaparków w naszym kraju Wrocław
89%
Miejscowość położona na na pograniczu zNiemcami. Jest ona bliska morzu Szczecin
87%
Miasto na południu Polski. Stolica Podkarpacia Rzeszów
78%
To miasto graniczy z Białorusią. Miejscowość ma w nazwie jakiś kolor a druga część nazwy tego miasta to coś na czym regularnie występuje Kamil Stoch Białystok
76%
Miasto które w swojej nazwie nazwie nawiązuje do rzeczy która zapewnia transport wodny choć nie jest blisko morza(miasto) Łódz
75%
Miasto na południu Polski, które jest znane z licznych w nim wydarzeń sportowych Katowice
72%
Jest to Miasto położone na pięknych i intrygujących Mazurach. Większe część ich ludnościto młodzi ludzie Olsztyn
64%
Nowoczesne miasto Zamoyskiego Zamość
63%
Nie znaleziono quizów pasujących do podanych kryteriów
Rozkład punktacji
Procent ludzi z każdym wynikiem
Percentyl według liczby udzielonych odpowiedzi
Twoja historia wyników
Nie rozwiązałeś tego quizu od ostatniego zresetowania